| 000 | 00389 a2200157 4500 | ||
|---|---|---|---|
| 001 | 66295 | ||
| 082 | _a629.83 PHI | ||
| 090 |
_c38538 _d38538 |
||
| 100 | _aPhilips L C | ||
| 245 |
_aFeedback Control system, 2nd Ed _cCharles C Phillips |
||
| 250 | _a2 | ||
| 260 |
_aUSA _bPrentice Hall Inc _c1991 |
||
| 300 | _a664p. | ||
| 500 | _aBE textbook avionics | ||
| 600 | _aHarbor Royce | ||
| 942 |
_aNUST-CAE _cTXT _k629.83 PHI |
||
| 999 |
_c301368 _d301368 |
||